000 01003nam a22002537a 4500
003 PE SENCICO BE
005 20251020182707.0
008 240304b |||||||| |||| 00| 0 eng d
040 _aPE SENCICO BE
_cPE SENCICO BE
041 _aspa
084 _aI
_aDIS
_a2012
_bE56
100 1 _92010
_aEncalada Riveros, Sadith
_eautor
245 1 _aDiseño comercial - spa /
_cSadith Encalada Riveros
260 _aLima :
_c2012
300 _a[30] h. :
_bil. col., planos;
_c45 x 60 cm.
502 _a Monografía de Titulación.-- Servicio Nacional de Capacitación para la Industria de la Construcción. Escuela Superior Técnica. Carrera Profesional Técnica en Diseño de Interiores, 2012
650 1 0 _944
_aDiseño de interiores
650 2 0 _91008
_aSpas
650 2 0 _9879
_aDecoración comercial
650 2 0 _91995
_aEspacios comerciales
710 1 _aServicio Nacional de Capacitación para la Industria de la Construcción.
_bEscuela Superior Técnica
_91065
910 _bhfp
_chfp
942 _cMON
999 _c4980
_d4980